[Event "AUT-chT2M 1516"]
[Site "Austria"]
[Date "2016.02.27"]
[Round "7.3"]
[White "Mostbauer, Florian"]
[Black "Waldmann, Gerald"]
[Result "1/2-1/2"]
[WhiteElo "2211"]
[BlackElo "2090"]
[PlyCount "60"]
[EventDate "2015.10.02"]
[EventType "team-tourn"]
[EventRounds "11"]
[EventCountry "AUT"]
[SourceTitle "EXT 2017"]
[Source "ChessBase"]
[SourceDate "2016.10.25"]
[SourceVersion "1"]
[SourceVersionDate "2016.10.25"]
[SourceQuality "1"]
[WhiteTeam "Ansfelden"]
[BlackTeam "Wolfsberg"]
[WhiteTeamCountry "AUT"]
[BlackTeamCountry "AUT"]

1. d4 d5 2. Bf4 c5 3. e4 dxe4 4. d5 Nf6 5. Nc3 a6 6. Qe2 g6 7. 0-0-0 Bg7 8. Nxe4 Nxe4 9. Qxe4 Bf5 10. Qe2 0-0 11. g4 Bc8 12. h3 Nd7 13. Nf3 b5 14. Ne5 Nxe5 15. Bxe5 Bxe5 16. Qxe5 Qd6 17. Qe3 Bb7 18. Bg2 Rfd8 19. h4 Qf6 20. g5 Qd6 21. h5 b4 22. Kb1 Bc8 23. Rde1 Ra7 24. f4 Bf5 25. hxg6 fxg6 26. Rd1 Rf8 27. Rh4 Rf7 28. Rdh1 a5 29. Qf3 a4 30. Bh3 Qd7 1/2-1/2

[Event "AUT-chT2M 1516"]
[Site "Austria"]
[Date "2015.11.14"]
[Round "4.4"]
[White "Waldmann, Gerald"]
[Black "Richterova, Natasa"]
[Result "1/2-1/2"]
[WhiteElo "2090"]
[BlackElo "2165"]
[PlyCount "95"]
[EventDate "2015.10.02"]
[EventType "team-tourn"]
[EventRounds "11"]
[EventCountry "AUT"]
[SourceTitle "EXT 2017"]
[Source "ChessBase"]
[SourceDate "2016.10.25"]
[SourceVersion "1"]
[SourceVersionDate "2016.10.25"]
[SourceQuality "1"]
[WhiteTeam "Wolfsberg"]
[BlackTeam "Steyregg"]
[WhiteTeamCountry "AUT"]
[BlackTeamCountry "AUT"]

1. b3 e5 2. Bb2 Nc6 3. c4 Nf6 4. g3 Bc5 5. Bg2 d6 6. d3 0-0 7. Nf3 Re8 8. 0-0 Nd4 9. Nbd2 c6 10. e3 Nxf3+ 11. Nxf3 Bb6 12. b4 Bc7 13. Qc2 d5 14. cxd5 Nxd5 15. a3 a5 16. e4 Nb6 17. d4 axb4 18. axb4 Rxa1 19. Rxa1 Qe7 20. Nxe5 Bxe5 21. dxe5 Qxb4 22. Rb1 Qc4 23. Qd2 Qe6 24. f4 Nc4 25. Qd4 b5 26. Bc3 Qd7 27. Ra1 Qxd4+ 28. Bxd4 g6 29. Ra7 Rd8 30. Bc5 Be6 31. Rc7 Rc8 32. Ra7 Nb2 33. Bf1 Na4 34. Bd6 Nc3 35. Bd3 c5 36. f5 gxf5 37. exf5 Bd5 38. e6 b4 39. Be5 c4 40. Bxc3 cxd3 41. Bxb4 Rc1+ 42. Kf2 fxe6 43. Ke3 exf5 44. Kxd3 Bf7 45. Bc3 Bg6 46. Kd2 Rh1 47. h4 f4 48. gxf4 1/2-1/2

[Event "AUT-chT 1415"]
[Site "Austria"]
[Date "2015.02.27"]
[Round "6.4"]
[White "Novkovic, Milan"]
[Black "Waldmann, Gerald"]
[Result "1-0"]
[WhiteElo "2373"]
[BlackElo "2075"]
[PlyCount "166"]
[EventDate "2014.11.20"]
[EventType "team-tourn"]
[EventRounds "11"]
[EventCountry "AUT"]
[SourceTitle "EXT 2016"]
[Source "ChessBase"]
[SourceDate "2015.10.08"]
[SourceVersion "1"]
[SourceVersionDate "2015.10.08"]
[SourceQuality "1"]
[WhiteTeam "Hohenems"]
[BlackTeam "Wolfsberg"]
[WhiteTeamCountry "AUT"]
[BlackTeamCountry "AUT"]

1. d4 d5 2. Nf3 Nf6 3. c4 c6 4. e3 a6 5. b3 Bg4 6. Nbd2 e6 7. Bd3 Nbd7 8. Bb2 Bd6 9. Qc2 Qe7 10. Ne5 Bh5 11. 0-0 Ng4 12. Nxg4 Bxg4 13. e4 Bf4 14. exd5 cxd5 15. cxd5 exd5 16. Rfe1 Be6 17. Nf3 h6 18. Bc1 Bd6 19. Bf5 0-0 20. Bxe6 fxe6 21. Qe2 Rfe8 22. Bb2 Rac8 23. Qd3 Qf6 24. Re2 Rc6 25. Rc2 Rec8 26. Rac1 Nb8 27. Rxc6 Rxc6 28. Rxc6 Nxc6 29. Bc3 Qf4 30. g3 Qf6 31. Kg2 Ne7 32. Ba5 Qf5 33. Qxf5 Nxf5 34. Kf1 Kf7 35. Ke2 Ne7 36. Bc3 Nc6 37. Kd3 Kf6 38. h3 g5 39. Bd2 Kf5 40. g4+ Kg6 41. h4 Be7 42. hxg5 hxg5 43. a4 Bf6 44. Bc3 Be7 45. Ng1 Bb4 46. Bb2 Bd6 47. Nf3 Nb4+ 48. Ke2 Nc6 49. Bc3 Be7 50. Kd3 Bd6 51. Bd2 Be7 52. Bc1 Nb4+ 53. Ke2 Nc6 54. Bd2 Bf6 55. Kd3 Be7 56. Ne5+ Nxe5+ 57. dxe5 Bc5 58. f3 Bb6 59. Bb4 Kf7 60. Bd6 Ke8 61. Ke2 Kd7 62. Bb4 Bd8 63. Bd2 Kc6 64. Kd3 Kd7 65. Be3 Be7 66. Kc3 Bd8 67. Bc5 Bc7 68. Kd4 Bd8 69. Bb4 Bb6+ 70. Kd3 Bc7 71. Bd2 Bxe5 72. Bxg5 Bg7 73. f4 Kd6 74. Bh4 e5 75. fxe5+ Bxe5 76. Bf2 Bf4 77. Be3 Be5 78. g5 Ke6 79. Bd4 Bd6 80. g6 b5 81. axb5 axb5 82. Ke3 Be7 83. Kf4 Bd6+ 1-0

[Event "AUT-chT2M 1213"]
[Site "Austria"]
[Date "2012.10.20"]
[Round "2.5"]
[White "Waldmann, Gerald"]
[Black "Steiner, Stefan"]
[Result "1/2-1/2"]
[WhiteElo "2166"]
[BlackElo "2249"]
[PlyCount "59"]
[EventDate "2012.10.19"]
[EventType "team-tourn"]
[EventRounds "11"]
[EventCountry "AUT"]
[SourceTitle "EXT 2013"]
[Source "ChessBase"]
[SourceDate "2012.11.22"]
[SourceVersion "1"]
[SourceVersionDate "2012.11.22"]
[SourceQuality "1"]
[WhiteTeam "Wolfsberg"]
[BlackTeam "Graz Strassenbahn"]
[WhiteTeamCountry "AUT"]
[BlackTeamCountry "AUT"]

1. e4 Nc6 2. d4 d5 3. Nc3 Nf6 4. e5 Nd7 5. Nxd5 Ndb8 6. Ne3 Qxd4 7. Qxd4 Nxd4 8. c3 Ne6 9. g3 Bd7 10. Bg2 Bc6 11. Ne2 Bxg2 12. Nxg2 Nc6 13. f4 Nc5 14. 0-0 Nd3 15. Rb1 Nxc1 16. Rbxc1 e6 17. Kf2 0-0-0 18. Rfd1 Bc5+ 19. Kf3 a6 20. Ne3 h5 21. Rxd8+ Rxd8 22. Rd1 Rh8 23. h4 g6 24. Nc1 Ne7 25. Nd3 Bb6 26. Nf2 Nf5 27. Nc4 Bxf2 28. Kxf2 Rd8 29. Rxd8+ Kxd8 30. Ne3 1/2-1/2

[Event "AUT-chT2M 1213"]
[Site "Austria"]
[Date "2012.10.19"]
[Round "1.5"]
[White "Stagl, Marco"]
[Black "Waldmann, Gerald"]
[Result "1-0"]
[WhiteElo "2079"]
[BlackElo "2166"]
[PlyCount "53"]
[EventDate "2012.10.19"]
[EventType "team-tourn"]
[EventRounds "11"]
[EventCountry "AUT"]
[SourceTitle "EXT 2013"]
[Source "ChessBase"]
[SourceDate "2012.11.22"]
[SourceVersion "1"]
[SourceVersionDate "2012.11.22"]
[SourceQuality "1"]
[WhiteTeam "Graz Styria"]
[BlackTeam "Wolfsberg"]
[WhiteTeamCountry "AUT"]
[BlackTeamCountry "AUT"]

1. d4 Nf6 2. c4 c5 3. d5 b5 4. Nf3 g6 5. cxb5 a6 6. bxa6 Bxa6 7. Nc3 Bg7 8. e4 Bxf1 9. Kxf1 d6 10. g3 Nbd7 11. Kg2 0-0 12. Qe2 Qa5 13. Bd2 Rfb8 14. Rab1 Rb7 15. Rhc1 Rab8 16. Be1 Qa8 17. Rc2 Ne8 18. b3 Nc7 19. Rd1 Nb5 20. Nxb5 Rxb5 21. Bc3 f6 22. Nd2 R5b7 23. Nc4 Ra7 24. Qd2 Rb5 25. Qe2 Rb8 26. h4 Nb6 27. h5 1-0

[Event "Pula op 26th"]
[Site "Pula"]
[Date "2012.06.11"]
[Round "3"]
[White "Waldmann, Gerald"]
[Black "Medak, Bojan"]
[Result "0-1"]
[WhiteElo "2208"]
[BlackElo "2398"]
[PlyCount "62"]
[EventDate "2012.06.09"]
[EventType "swiss"]
[EventRounds "9"]
[EventCountry "CRO"]
[SourceTitle "CBM 148 Extra"]
[Source "ChessBase"]
[SourceDate "2012.06.22"]
[SourceVersion "1"]
[SourceVersionDate "2012.06.22"]
[SourceQuality "1"]

1. e4 d6 2. d4 Nf6 3. Nc3 e5 4. dxe5 dxe5 5. Qxd8+ Kxd8 6. Bc4 Ke8 7. Nf3 Bd6 8. Bg5 Nbd7 9. 0-0-0 a6 10. h3 h6 11. Be3 b5 12. Bd5 Nxd5 13. Nxd5 Bb7 14. Nh4 g6 15. g4 Rc8 16. f3 Bxd5 17. Rxd5 Ke7 18. Rhd1 Nf6 19. R5d3 h5 20. Bg5 Ke6 21. Ng2 hxg4 22. hxg4 Nd7 23. Be3 Rh2 24. R3d2 Rch8 25. Bg1 Rh1 26. c3 R8h3 27. Rf2 Bc5 28. Rfd2 Rxg1 29. Rxd7 Rxg2 30. Rxc7 Be3+ 31. Kb1 Rhh2 0-1

[Event "AUT-chT2M 1112"]
[Site "Austria"]
[Date "2011.10.22"]
[Round "2.5"]
[White "Waldmann, Gerald"]
[Black "Manhardt, Thomas"]
[Result "1-0"]
[WhiteElo "2208"]
[BlackElo "2148"]
[PlyCount "61"]
[EventDate "2011.10.21"]
[EventType "team-tourn"]
[EventRounds "11"]
[EventCountry "AUT"]
[SourceTitle "EXT 2013"]
[Source "ChessBase"]
[SourceDate "2012.11.22"]
[SourceVersion "1"]
[SourceVersionDate "2012.11.22"]
[SourceQuality "1"]
[WhiteTeam "Wolfsberg"]
[BlackTeam "Graz Styria"]
[WhiteTeamCountry "AUT"]
[BlackTeamCountry "AUT"]

1. e4 c5 2. Nf3 Nc6 3. d4 cxd4 4. Nxd4 Nf6 5. Nc3 e5 6. Ndb5 d6 7. Bg5 a6 8. Na3 b5 9. Nd5 Be7 10. Nxe7 Nxe7 11. Bxf6 gxf6 12. Qf3 f5 13. exf5 Bxf5 14. Bd3 Be6 15. 0-0 0-0 16. c4 bxc4 17. Nxc4 f5 18. Rfd1 Ng6 19. Qc6 Nf4 20. Qxd6 Qg5 21. Ne3 Rfd8 22. Qxe5 Rd5 23. h4 Rxe5 24. hxg5 Nxd3 25. Rxd3 f4 26. Nc2 Rxg5 27. Rad1 Bxa2 28. Nb4 Bc4 29. Rd4 Bb3 30. R1d3 Rc8 31. Rxb3 1-0

[Event "Lienz op 16th"]
[Site "Lienz"]
[Date "2011.02.17"]
[Round "7"]
[White "Krejci, Jan1"]
[Black "Waldmann, Gerald"]
[Result "1-0"]
[WhiteElo "2178"]
[BlackElo "2211"]
[PlyCount "73"]
[EventDate "2011.02.12"]
[EventType "swiss"]
[EventRounds "9"]
[EventCountry "AUT"]
[SourceTitle "CBM 140 Extra"]
[Source "ChessBase"]
[SourceDate "2011.03.01"]
[SourceVersion "1"]
[SourceVersionDate "2011.03.01"]
[SourceQuality "1"]

1. e4 e6 2. d4 d5 3. Nc3 Bb4 4. e5 c5 5. a3 Bxc3+ 6. bxc3 Qc7 7. Nf3 b6 8. Bb5+ Bd7 9. Bd3 Ba4 10. 0-0 c4 11. Be2 Ne7 12. h4 Nbc6 13. h5 h6 14. Nh2 0-0-0 15. Bg4 Rdg8 16. Bh3 g5 17. Ng4 Rg7 18. f4 Nf5 19. Nf6 Nce7 20. Kh2 Bc6 21. g4 Nh4 22. fxg5 hxg5 23. Be3 Ng8 24. Qd2 Nxf6 25. Rxf6 Rhg8 26. Raf1 Be8 27. h6 Rh7 28. Bxg5 Ng6 29. Be3 Qe7 30. g5 Nf8 31. Qc1 Kb7 32. R1f2 Nd7 33. R6f3 Nf8 34. Rf6 Nd7 35. g6 Rxg6 36. Rxg6 fxg6 37. Bg5 1-0

[Event "Lienz op 16th"]
[Site "Lienz"]
[Date "2011.02.14"]
[Round "4"]
[White "Waldmann, Gerald"]
[Black "Testor, Sebastian"]
[Result "0-1"]
[WhiteElo "2211"]
[BlackElo "2365"]
[PlyCount "70"]
[EventDate "2011.02.12"]
[EventType "swiss"]
[EventRounds "9"]
[EventCountry "AUT"]
[SourceTitle "CBM 140 Extra"]
[Source "ChessBase"]
[SourceDate "2011.03.01"]
[SourceVersion "1"]
[SourceVersionDate "2011.03.01"]
[SourceQuality "1"]

1. e4 e6 2. d4 d5 3. Nd2 Be7 4. Ngf3 Nf6 5. e5 Nfd7 6. Bd3 c5 7. c3 Nc6 8. 0-0 a5 9. Re1 cxd4 10. cxd4 g5 11. Nf1 g4 12. N3d2 h5 13. f4 Nxd4 14. Nb3 Nxb3 15. axb3 Bb4 16. Re2 Nc5 17. Be3 b6 18. Bc2 Ba6 19. Rf2 Qe7 20. Ng3 0-0-0 21. Bd4 Kb7 22. Ne2 Ne4 23. Rf1 Bc5 24. Bd3 Bxd3 25. Qxd3 Rc8 26. Kh1 h4 27. Kg1 h3 28. g3 f5 29. exf6 Qxf6 30. Rxa5 Bxd4+ 31. Nxd4 Nc5 32. Rfa1 Nxd3 33. Ra7+ Kb8 34. Ra8+ Kc7 35. R1a7+ Kd6 0-1

[Event "Zadar op-B 17th"]
[Site "Zadar"]
[Date "2010.12.17"]
[Round "8"]
[White "Waldmann, Gerald"]
[Black "Juranic, Bruno"]
[Result "1/2-1/2"]
[WhiteElo "2212"]
[BlackElo "2194"]
[PlyCount "31"]
[EventDate "2010.12.12"]
[EventType "swiss"]
[EventRounds "9"]
[EventCountry "CRO"]
[SourceTitle "CBM 139 Extra"]
[Source "ChessBase"]
[SourceDate "2011.01.05"]
[SourceVersion "1"]
[SourceVersionDate "2011.01.05"]
[SourceQuality "1"]

1. e4 c5 2. Nf3 a6 3. d4 cxd4 4. Nxd4 Nf6 5. Nc3 e5 6. Nf3 Bb4 7. Bc4 d6 8. 0-0 Qc7 9. Qd3 Nbd7 10. Bg5 Nc5 11. Qe2 Bxc3 12. Bxf6 gxf6 13. bxc3 Be6 14. Bd5 Bxd5 15. exd5 0-0-0 16. a4 1/2-1/2

[Event "Zadar op-B 17th"]
[Site "Zadar"]
[Date "2010.12.15"]
[Round "5"]
[White "Petrusic, Toni"]
[Black "Waldmann, Gerald"]
[Result "0-1"]
[WhiteElo "2138"]
[BlackElo "2212"]
[PlyCount "84"]
[EventDate "2010.12.12"]
[EventType "swiss"]
[EventRounds "9"]
[EventCountry "CRO"]
[SourceTitle "CBM 139 Extra"]
[Source "ChessBase"]
[SourceDate "2011.01.05"]
[SourceVersion "1"]
[SourceVersionDate "2011.01.05"]
[SourceQuality "1"]

1. e4 e6 2. d4 d5 3. Nc3 Bb4 4. e5 b6 5. a3 Bf8 6. f4 Ne7 7. Nf3 Nf5 8. Bd3 g6 9. 0-0 Ba6 10. Bxa6 Nxa6 11. g4 Nh4 12. Be3 Nxf3+ 13. Qxf3 h5 14. Qe2 Nb8 15. f5 Qh4 16. fxe6 fxe6 17. Rf6 Kd7 18. Rxg6 hxg4 19. Rxg4 Qh7 20. Rf1 Nc6 21. Rgf4 Be7 22. Kh1 Rag8 23. Rg1 Bg5 24. Rf2 Bxe3 25. Qxe3 Rxg1+ 26. Kxg1 Rg8+ 27. Kf1 Rg4 28. Rf4 Rxf4+ 29. Qxf4 Qxc2 30. Ne2 Qxb2 31. h4 Qxa3 32. Qf7+ Qe7 33. Qf4 Qh7 34. Kg2 a5 35. Ng3 a4 36. h5 Ne7 37. Qc1 Nf5 38. Qa3 b5 39. Qc5 Qg7 40. Qxb5+ Ke7 41. Qb4+ Kf7 42. Qxa4 Qxg3+ 0-1

[Event "AUT-chT2M 0910"]
[Site "Austria"]
[Date "2010.04.16"]
[Round "9.4"]
[White "Waldmann, Gerald"]
[Black "Schreiner, Peter"]
[Result "1-0"]
[WhiteElo "2173"]
[BlackElo "2254"]
[PlyCount "91"]
[EventDate "2009.10.10"]
[EventType "team-tourn"]
[EventRounds "11"]
[EventCountry "AUT"]
[SourceTitle "EXT 2011"]
[Source "ChessBase"]
[SourceDate "2010.11.26"]
[SourceVersion "1"]
[SourceVersionDate "2010.11.26"]
[SourceQuality "1"]
[WhiteTeam "Wolfsberg"]
[BlackTeam "Frauental"]
[WhiteTeamCountry "AUT"]
[BlackTeamCountry "AUT"]

1. e4 c5 2. Nf3 Nc6 3. d4 cxd4 4. Nxd4 g6 5. Nc3 Bg7 6. Be3 Nf6 7. Bc4 0-0 8. Bb3 d6 9. f3 Bd7 10. Qd2 Rc8 11. 0-0-0 Nxd4 12. Bxd4 b5 13. h4 a5 14. h5 a4 15. Bd5 e5 16. Be3 b4 17. Nb1 Nxd5 18. Qxd5 Be6 19. Qxd6 Qa5 20. hxg6 hxg6 21. Rd2 b3 22. axb3 axb3 23. c3 Rfe8 24. Bg5 Qa7 25. Qd3 Ra8 26. Qe3 Qa6 27. Qf2 Bc4 28. Rhd1 Qc6 29. Rd6 Qb5 30. Na3 Rxa3 31. bxa3 Qa5 32. Kb2 Be6 33. Qb6 Qa4 34. Qb4 Qa7 35. Qb6 Qa4 36. Qb4 Qa7 37. Rd8 Rxd8 38. Rxd8+ Kh7 39. Rd2 f6 40. Bh4 Qe3 41. c4 Bf8 42. Qc3 Qc5 43. Qxb3 Bxc4 44. Bf2 Qc6 45. Rc2 Bxa3+ 46. Qxa3 1-0

[Event "Pula op 23rd"]
[Site "Pula"]
[Date "2009.06.28"]
[Round "2"]
[White "Waldmann, Gerald"]
[Black "Jankovic, Alojzije"]
[Result "0-1"]
[WhiteElo "2188"]
[BlackElo "2540"]
[PlyCount "70"]
[EventDate "2009.06.27"]
[EventType "swiss"]
[EventRounds "9"]
[EventCountry "CRO"]
[SourceTitle "CBM 131 Extra"]
[Source "ChessBase"]
[SourceDate "2009.09.03"]
[SourceVersion "2"]
[SourceVersionDate "2009.09.16"]
[SourceQuality "1"]

1. e4 c5 2. Nf3 Nc6 3. d4 cxd4 4. Nxd4 Nf6 5. Nc3 d6 6. f4 e5 7. Nf3 Be7 8. Bd3 Qb6 9. Qe2 0-0 10. Rb1 Be6 11. a3 exf4 12. Bxf4 d5 13. exd5 Nxd5 14. Nxd5 Bxd5 15. Be3 Bc5 16. Bxc5 Qxc5 17. Qf2 Rae8+ 18. Kf1 Re3 19. Re1 Rfe8 20. Rxe3 Rxe3 21. h4 Bxf3 22. gxf3 Ne5 23. Be2 Ng6 24. f4 Qd5 25. Qxe3 Qxh1+ 26. Kf2 Qxh4+ 27. Kf3 Qh3+ 28. Ke4 Qe6+ 29. Kf3 Qc6+ 30. Qe4 Nh4+ 31. Ke3 Ng2+ 32. Kd4 Qd6+ 33. Kc3 Nxf4 34. Bc4 Qf6+ 35. Kb3 Ne6 0-1

[Event "AUT-chT2M 0708"]
[Site "Austria"]
[Date "2007.10.13"]
[Round "1.5"]
[White "Fahrner, Kurt"]
[Black "Waldmann, Gerald"]
[Result "1-0"]
[WhiteElo "2286"]
[BlackElo "2157"]
[PlyCount "109"]
[EventDate "2007.10.13"]
[EventType "team-tourn"]
[EventRounds "11"]
[EventCountry "AUT"]
[SourceTitle "EXT 2009"]
[Source "ChessBase"]
[SourceDate "2008.11.26"]
[SourceVersion "1"]
[SourceVersionDate "2008.11.26"]
[SourceQuality "1"]
[WhiteTeam "Graz Austria"]
[BlackTeam "Wolfsberg"]
[WhiteTeamCountry "AUT"]
[BlackTeamCountry "AUT"]

1. c4 e5 2. g3 Nc6 3. Bg2 g6 4. Nc3 Bg7 5. d3 d6 6. Rb1 a5 7. a3 f5 8. b4 axb4 9. axb4 Nf6 10. b5 Ne7 11. Bb2 0-0 12. Ra1 Rb8 13. Qc2 g5 14. Nf3 h6 15. Ra7 Ng6 16. h4 g4 17. Nd2 Nh5 18. Qb3 Kh8 19. Qb4 b6 20. Bc6 Be6 21. Nd5 Rf7 22. Qa3 Bxd5 23. Bxd5 Rf8 24. Qb3 Ne7 25. Bg2 f4 26. Ne4 Nf5 27. gxf4 Nxf4 28. Bf1 Nxh4 29. Bc1 Ne6 30. Qa2 Kh7 31. Ng3 Qf6 32. Be3 Nf4 33. Rxc7 Nfg2+ 34. Bxg2 Nxg2+ 35. Kd2 Nxe3 36. fxe3 Ra8 37. Ra7 Rxa7 38. Qxa7 e4 39. d4 Qe6 40. Rc1 d5 41. cxd5 Qxd5 42. Rc7 Rg8 43. Qxb6 Ra8 44. Qb7 Qxb7 45. Rxb7 Kg6 46. Rb6+ Kg5 47. Nxe4+ Kh4 48. Rg6 Bf8 49. b6 Ra5 50. Rf6 Bb4+ 51. Kd3 h5 52. Kc4 Be7 53. Rf7 Ra4+ 54. Kb5 Rb4+ 55. Ka5 1-0

[Event "AUT-chT2M 0607"]
[Site "Austria"]
[Date "2007.04.01"]
[Round "11.6"]
[White "Frank, Paul"]
[Black "Waldmann, Gerald"]
[Result "1-0"]
[WhiteElo "2151"]
[BlackElo "2153"]
[PlyCount "51"]
[EventDate "2006.10.28"]
[EventType "team-tourn"]
[EventRounds "11"]
[EventCountry "AUT"]
[SourceTitle "EXT 2007"]
[Source "ChessBase"]
[SourceDate "2006.11.23"]
[SourceVersion "1"]
[SourceVersionDate "2006.11.23"]
[SourceQuality "1"]
[WhiteTeam "Graz Styria II"]
[BlackTeam "Wolfsberg"]
[WhiteTeamCountry "AUT"]
[BlackTeamCountry "AUT"]

1. d4 Nf6 2. Nf3 d5 3. g3 Bg4 4. Bg2 Nbd7 5. Ne5 Bh5 6. 0-0 e6 7. c4 c6 8. Nc3 Nxe5 9. dxe5 Nd7 10. cxd5 cxd5 11. Qa4 Be7 12. g4 Bg6 13. e4 Bxe4 14. Nxe4 dxe4 15. Rd1 a6 16. Qxe4 Rb8 17. Qa4 Qc7 18. Be3 b5 19. Qxa6 Nc5 20. Qc6+ Qxc6 21. Bxc6+ Kf8 22. Rac1 Na4 23. Bxb5 Nxb2 24. Rd2 Ba3 25. Bc5+ Bxc5 26. Rxc5 1-0